00719nab a2200217 uc450000100070000000500170000700800410002403500110006503500210007604000130009704100080011010000320011824500470015065000340019765000360023165000330026765000330030065000290033370000360036277301030039889108220241001090241.0040920e20000501 spa  a891082 a(OCoLC)820295537 ccomduadb aspa10aFrometa Matos, M.4auteaut10aModo de actuacion en proceso de enfermeria aEnfermería como profesión 7aAtención de enfermería2dcs 7aProceso de Enfermería2dcs aAtención primaria de salud aAcciones de enfermería10aIgarza, Maricela Alba4auteaut0 tRevista Cubana de Enfermería (La Habana)gVol. 16, No. 02, Ago. 2000, p. 101-105w3813540108436